| 000 | | | 04184nac2a22003011x 450 |
| 001 | | | 9439dc01-9742-46a0-beeb-aacc78bcfb17 |
| 005 | | | 20131121170022.0 |
| 100 | ## | $a | 20130529l1895 k y0rusy50 ca |
| 101 | 0# | $a | rus |
| 102 | ## | $a | RU |
| 105 | ## | $a | y z ||||| |
| 122 | 0# | $a | d18950930 |
| 200 | 1# | $a | Отчет Кони А. Ф. об итогах произведенной им ревизии Тифлисского окружного суда и Тифлисской судебной палаты |
| | $j | 30 сентября 1895 |
| 215 | ## | $a | 90 листов |
| 251 | ## | $c | Дело |
| 300 | ## | $a | Рукописный текст |
| 300 | ## | $a | Заголовок дела на папке: Отчет А. Ф. Кони об итогах произведенной им ревизии Тифлисского окружного суда и Тифлисской судебной палаты |
| 324 | ## | $a | Список с правкой автора |
| 330 | ## | $a | Дополнение к описи |
| 461 | #0 | $1 | 0013a54f2e3-e9cf-409b-80fa-f0a9bd3c40cb |
| | $1 | 2001 |
| | $a | Кони Анатолий Федорович, юрист, литератор, член академии наук, председатель Санкт-Петербургского окружного суда, член государственного совета |
| | $1 | 251 |
| | $c | Фонд |
| | $1 | 852 |
| | $j | 564 |
| 462 | #0 | $1 | 00178a475cd-a47d-4377-bff3-cee4b81de655 |
| | $1 | 2001 |
| | $a | Опись дел фонда А. Ф. Кони за 1880-1931 гг. |
| | $1 | 251 |
| | $c | Опись |
| | $1 | 852 |
| | $j | 1 |
| 517 | ## | $a | Отчет А. Ф. Кони об итогах произведенной им ревизии Тифлисского окружного суда и Тифлисской судебной палаты |
| 600 | #1 | $a | Кони |
| | $b | А. Ф. |
| | $f | 1844-1927 |
| | $g | Анатолий Федорович |
| 601 | 02 | $3 | RU\NLR\AUTH\8810178399 |
| | $a | Тифлисский окружной суд |
| 601 | 02 | $a | Тифлисская судебная палата |
| 801 | #0 | $a | RU |
| | $b | GA_RF |
| 801 | #1 | $a | RU |
| | $b | НПО Опыт |
| | $c | 20130529 |
| | $2 | rusmarc |
| 801 | #2 | $a | RU |
| | $b | ПБ им. Б.Н. Ельцина |
| | $c | 20131121 |
| | $g | RCR |
| | $2 | rusmarc |
| 852 | ## | $a | ГА РФ |
| | $j | 4278 |
| 937 | ## | $d | 41896354 |
| | $h | ПБ |
| 035 | ## | $a | RuPRLIB51005718 |